[Event "World-ch Tournament"]
[Site "Mexico City"]
[Date "2007.09.14"]
[Round "2"]
[White "Svidler, Peter"]
[Black "Leko, Peter"]
[Result "1/2-1/2"]
[WhiteElo "2735"]
[BlackElo "2751"]
[Annotator "Marin,M"]
[PlyCount "85"]
[EventDate "2007.09.13"]
[EventType "tourn"]
[EventRounds "14"]
[EventCountry "MEX"]
[EventCategory "21"]
[SourceTitle "CBM 120"]
[Source "ChessBase"]
[SourceDate "2007.10.02"]
[SourceVersion "1"]
[SourceVersionDate "2007.10.02"]
[SourceQuality "1"]

1. e4 e5 2. Nf3 Nc6 3. Bb5 a6 4. Ba4 Nf6 5. O-O Be7 6. Re1 b5 7. Bb3 O-O 8. c3
{A principial duel between two Marshall specialists is always interesting to
watch. Ein prinzipielles Duell zwischen zwei Marshall-Spezialisten zu
beobachten, ist immer interessant. Un duelo entre dos especialistas del Ataque
Marshall es siempre interesante de seguír.} d5 9. exd5 Nxd5 10. Nxe5 Nxe5 11.
Rxe5 c6 12. d4 Bd6 13. Re1 Qh4 14. g3 Qh3 15. Qe2 $5 {It is remarkable that
even in such a fashionable and ultra-analyzed variation it is still possible
to find almost unknown ideas at a relatively early stage. In the main line,
White hurries to place his bishop on the exposed e3-square. With his last move,
Svidler expresses his belief that the higher priority is to expell the enemy
queen from its threatening position. Es ist bemerkenswert, dass es selbst in
einer derart aktuellen und weit ausanalysierten Variante noch immer möglich
ist, in relativ früher Phase nahezu unbekannt Ideen zu finden. Im Hauptabspiel
beeilt sich Weiß damit, seinen Läufer auf dem exponierten Feld e3 zu
platzieren. Mit seinem letzten Zug verleiht Svidler seiner Überzeugung
Ausdruck, dass es höhere Priorität hat, die feindliche Dame aus ihrer
drohenden Stellung zu vertreiben.} Bg4 16. Qf1 Qh5 {There is very little
practical material available on this variation. Actually, this position can
also be obtained if White plays 15.Qd3 instead of 15.Qe2, but Svidler's move
order is more restrictive. Against 15.Qd3, Black has an important alternative
in 15...Bf5. An even more curious move order is 12.Qf1 (instead of the almost
automatically played 12.d4) 12...Bd6 13.Re1 Qh4 14.g3 Qh5 15.d4 Bg4, with the
irelevant difference that the variation is by one move shorter; see Kapengut -
Malaniuk below. Zu dieser Variante gibt es sehr wenig praktisches Material.
Tatsächlich kann diese Stellung auch erreicht werden, wenn Weiß 15.Qd3 statt
15.Qe2 spielt, aber but Svidlers Zugfolge restriktiver. Gegen 15.Qd3 hat
Schwarz eine wichtige Alternative in 15...Bf5. Eine noch kuriosere Zugfolge
ist 12.Qf1 (statt des nahezu automatisch gespielten 12.d4) 12...Bd6 13.Re1 Qh4
14.g3 Qh5 15.d4 Bg4, mit dem irrelevanten Unterschied, dass die Variante um
einen Zug kürzer ist, siehe Kapengut - Malaniuk unten.} 17. Nd2 Rae8 {This
kind of move is played almost authomatically. Black completes the mobilization
of his forces. Diese Art von Zug spielt man fast automatsich. Schwarz schließt
die Mobilisierung seiner Kräfte ab.} ({However, Allerdings ist} 17... Nf4 $5 {
should be mentioned. The sacrifice is interesting, but probably premature. zu
erwähnen. Das Opfer ist interessant, wenngleich wahrscheinlich verfrüht.} 18.
Bd1 $6 (18. gxf4 $1 Bxf4 19. h4 $1 {This move is not easy to spot during an
over-the-board game. White forces the enemy queen to occupy a vulnerable
square, in order to win time for his development. Dieser Zug ist in einer
praktischen Partie am Brett nicht leicht zu sehen. Weiß zwingt die feindliche
Dame auf ein anfälliges Feld, um Zeit für seine Entwicklung zu gewinnen.} Qxh4
20. Qg2 Bh3 21. Nf3 $1 Qh5 22. Bxf4 Bxg2 23. Kxg2 $14 {The material balance is
about even, but White's pair of bishops looks impressive. Die materielle
Bilanz steht etwa ausgeglichen, aber das weiße Läuferpaar sieht eindrucksvoll
aus.}) 18... Nh3+ 19. Kh1 $2 (19. Kg2 f5 $40) 19... Bxd1 $19 {Pallandre,
S-Jacques,C/Paris 1999/EXT 2001 (0-1, 30)}) 18. Rxe8 Rxe8 19. f3 Bf5 $6 {
The only justification of this retreat is that it seems to prevent Ne4.
However, this is just an illusion... Die einzige Rechtfertigung dieses
Rückzugs ist, dass er Ne4 zu verhindern scheint. Doch dies ist nur eine
Illusion...} (19... Bh3 {might be better. könnte besser sein.} 20. Qf2 f5 (
20... Bf5 {is more efficient here than in the game, because White does not
have the same trick at his disposal. Instead, he could play ist hier wirksamer
als in der Partie, da Weiß nicht derselbe Trick zur Verfügung steht.
Stattdessen könnte er} 21. a4 $5 {and only after the opening of the a-file
choose between giving the pawn back with Ne4 or continuing the development in
a more passive way, with Nf1. ziehen und sich erst nach der Öffnung der
a-Linie aussuchen, ob er den Bauern mit Ne4 zurückgibt oder die Entwicklung
auf passivere Weise fortsetzt, mit Nf1.}) 21. c4 ({Here, too Auch hier verdient
} 21. a4 $5 {deserves investigation,because the text move does not offer White
an advantage. untersucht zu werden, da der Textzug Weiß keinen Vorteil bietet.}
) 21... Nf4 (21... bxc4 $6 {solves White's problems of development after löst
die weißen Entwicklungsprobleme nach} 22. Nxc4 $16) 22. c5+ (22. gxf4 Qg6+ $1
23. Qg3 Re1+ 24. Kf2 Qe8 25. Ne4 Rf1+ 26. Ke2 fxe4 27. cxb5+ Kf8 28. Qxh3 exf3+
29. Kd3 Qe2+ 30. Kc3 $11 {Bykhovsky. Black has several ways to deliver
perpetual check, but probably not more than that. Bykhovsky. Schwarz hat
diverse Möglichkeiten, Dauerschach zu geben, aber vermutlich nicht mehr.})
22... Kf8 23. gxf4 $1 (23. cxd6 $2 Re2 $1 {Kapengut,A (2455)-Malaniuk,V (2465)/
Minsk 1985/EXT 99 (0-1, 37). Apart from the aforementioned transposition, it
should be mentioned that in this game White captured on e8 only after Black's .
..f5. Neben des erwähnten Überganges sollte erwähnt werden, dass in dieser
Partie Weiß erst nach dem schwarzen ...f5 auf e8 schlug.}) 23... Qg6+ ({
Bykhovsky considers Bykhovsky hält} 23... Bxf4 {to be bad because of für
schlecht wegen} 24. Ne4 {, but Black has , doch Schwarz hat} Bxc1 25. Rxc1 Rxe4
$1 {, when the c1-rook is hanging. , wonach der c1-Turm hängt.}) 24. Qg3 Re1+
25. Kf2 Qe8 26. Ne4 Rf1+ 27. Ke2 fxe4 28. Qxh3 $1 (28. cxd6 $2 exf3+ 29. Kd2
Qe2+ 30. Kc3 a5 31. a3 Bf5 $19 {Bykhovsky}) 28... exf3+ 29. Kd3 Qe2+ 30. Kc3
Qe1+ $11 {Bykhovsky}) 20. Ne4 $1 {In some other lines, White gladly places a
rook on this square, offering an exchange sacrifice which Black accepts only
rarely. Installing a knight here is a great achievement for White. In manchen
anderen Abspielen platziert Weiß liebendgern einen Turm auf diesem Feld und
bietet ein Qualitätsopfer an, welches Schwarz nur selten annimmt. Den Springer
hier zu installieren, ist eine große Errungenschaft für Weiß. En otras lineas,
las blancas colocan una torre en esta casilla, ofreciendo una entrega de
calidad, ¡que las negras raramente aceptan! Instalar un caballo en el centro
es un logro mayor para las blancas.} Bc7 ({A fine tactical point is that Black
cannot win the pawn back with Eine feine taktische Pointe ist, dass Schwarz
nicht mit Un sútil detalle táctico es que las negras no pueden recuperar el
peón con} 20... Bxe4 $2 21. fxe4 Rxe4 {because after den Bauern zurückgewinnen
kann, da er nach porque después de} 22. Bd1 Qg6 {(forced) (erzwungen) (forzado)
} 23. Bc2 {he loses an exchange. An impressive demonstration of the power of
two bishops. eine Qualität verliert. Eine beeindruckende Demonstration der
Kraft der zwei Läufer. se perdería la calidad. Una impresionante demostración
dela fuerza de dos alfiles.}) 21. Bd2 Qg6 22. Re1 ({White hurries to complete
his development. Actually, it is not entirely clear whether the modest looking
Weiß beeilt sich damit, seine Entwicklung abzuschließen. Eigentlich ist nicht
gänzlich klar, ob das bescheiden wirkende Las blancas se apresuran a acabar su
desarrollo. En realidad, no está enteramente claro porque la aparentemente
modesta} 22. Bc2 {, consolidating the knight, was entirely wrong. , was den
Springer konsolidiert, gänzlich verkehrt war. , consolidando el caballo, ha de
ser mala.}) 22... Bxe4 23. Rxe4 {White had several tempting continuations at
his disposal and Svidler's choice might not be the best. Weiß hatte diverse
verlockende Fortsetzungen zur Verfügung, und Svidlers Wahl war vielleicht
nicht die beste. Las blancas disponían de varias continuaciones tentadoras,
pero la continuación de Svidler puede que no haya sido la mejor.} (23. Qh3 f5
24. fxe4 fxe4 25. Qd7 Bxg3 $11) (23. fxe4 {might be a safer way to obtain a
small but lasting plus. könnte ein sichererer Weg sein, ein geringes, aber
dauerhaftes Plus zu erzielen.} Rxe4 24. Bc2 (24. Rxe4 Qxe4 25. Qe1 {is also
possible, when the pair of bishops leaves White on top, but the main move is
better because it forces Black to create additional weaknesses. ist ebenfalls
möglich, wonach das Läuferpaar Weiß am Drücker lässt, aber der Hauptzug ist
besser, weil er Schwarz dazu zwingt, zusätzliche Schwächen zu schaffen.}) 24...
Rxe1 25. Qxe1 f5 (25... Qe6 26. Qxe6 fxe6 27. Kg2 $14 {also looks promising
for White. wirkt ebenfalls aussichtsreich für Weiß.}) 26. Qf2 Ne7 27. Qf3 $14 {
The knight cannot reach e4 easily, because of the weakness of the f5-pawn.
Aufgrund der Schwäche des f5-Bauern ist es für den Springer nicht leicht, nach
e4 zu kommen.}) 23... Rxe4 24. Bc2 f5 25. fxe4 fxe4 {This position is not easy
to evaluate. Svidler obviously relied on his pair of bishops and the weakness
of Black's central pawn. However, the activity of Black's pieces should not be
underestimated. Diese Stellung ist nicht leicht zu bewerten. Svidler verließ
sich offensichtlich auf sein Läuferpaar und die Schwäche des schwarzen
Zentrumsbauern. Allerdings ist die Aktivität der Figuren von Schwarz nicht zu
unterschätzen.} 26. Qg2 Nf6 27. Qh3 Ng4 28. Bb3+ (28. Qf1 $5 {[%csl Gg8][%cal
Yc2b3]} h6 (28... h5 29. Bb3+ Kh7 30. Bf7 $16 {[%csl Yh5]}) (28... Nf6 29. Bb3+
Kf8 30. Bf4 Bxf4 31. Qxf4 $16 {[%csl Yc6,Gf8][%cal Rf4d6,Rf4c7]}) 29. Qg2 Nf6 {
It might seem that White has just lost a tempo (...h6) Man könnte meinen, dass
Weiß einfach ein Tempo verloren hat (...h6)} 30. g4 $5 $36 Nxg4 $2 31. h3 $18 {
[%csl Yg6] It appears that ...h6 can benefit White! Es stellt sich heraus,
dass ...h6 Weiß zugute kommen kann!}) 28... Kf8 29. Bd1 e3 30. Bc1 h5 31. Bxg4
hxg4 32. Qf1+ Ke8 33. Bxe3 Kd7 34. Qe2 Qf5 35. b3 g6 {White has won a pawn,
but Black's centralized army as well as the firm control of the light squares
offers him good saving chances. Besides, the white king is passive and
slightly exposed. Weiß hat einen Bauern gewonnen, doch die zentralisierte
Armee des Schwarzen sowie die feste Kontrolle der weißen Felder bieten diesem
gute Rettungschancen. Außerdem steht der weiße König passiv und leicht
exponiert. Las blancas ganaron un peón, pero la fuerte centralisación de las
negras y el control firme en casillas blancas les ofrece buenas posibilidades
de sobrevivencía. Además, el rey blanco está pásivo y expuesto.} 36. Bf2 Bd6
37. c4 bxc4 38. bxc4 Bc7 39. d5 cxd5 40. cxd5 Bd6 41. a4 Qb1+ 42. Kg2 Qf5 43.
Kg1 1/2-1/2

[Event "Grand Slam Final 1st"]
[Site "Bilbao"]
[Date "2008.09.02"]
[Round "1"]
[White "Anand, Viswanathan"]
[Black "Ivanchuk, Vassily"]
[Result "1/2-1/2"]
[WhiteElo "2798"]
[BlackElo "2781"]
[Annotator "Marin,M"]
[PlyCount "116"]
[EventDate "2008.09.02"]
[EventType "tourn"]
[EventRounds "10"]
[EventCountry "ESP"]
[EventCategory "21"]
[SourceTitle "CBM 126"]
[Source "ChessBase"]
[SourceDate "2008.10.01"]
[SourceVersion "1"]
[SourceVersionDate "2008.10.01"]
[SourceQuality "1"]

1. e4 e5 2. Nf3 Nc6 3. Bb5 a6 4. Ba4 Nf6 5. O-O Be7 6. Re1 b5 7. Bb3 O-O 8. c3
d5 {This must have come as a big surprise to Anand. Ivanchuk has employed the
Marshall Attack extremely rarely. With the exception of a game played in 2004 
(which he lost!) his previous experience with it dates back to 1994. At the
same time, Ivanchuk is known for his ability to play almost any existing
opening...} 9. exd5 Nxd5 10. Nxe5 Nxe5 11. Rxe5 c6 12. d4 Bd6 13. Re1 Qh4 14.
g3 Qh3 15. Be3 Bg4 16. Qd3 Rae8 17. Nd2 Re6 {Following the classic main line} (
{For} 17... Qh5 {see Ponomariov,R (2718)-Leko,P (2741)/Moscow 2008/CBM 126/
[Marin] (1-0, 41)}) 18. Qf1 Qh5 19. f3 $5 {This unexpected move, which leaves
the e3-bishop undefended, was brought into limelight by Kramnik in 2007,
although it had been played before just once.} Rf6 (19... Nxe3 {Kramnik,V 
(2772)-Aronian,L (2759)/Yerevan 2007/CBM 118/[Marin,M] (1-0, 45)}) 20. Qe2 $6
$146 {My feeling is that Anand designed this not very meritorious novelty
over-the-board, possibly influenced by the opening surprise he had been
confronted with.} ({Previously,} 20. Bd1 {had been played.} Re8 21. Bf4 Rxe1
22. Qxe1 Re6 23. Be5 Bh3 $5 $146 ({An improvement over} 23... Bxe5 $6 {,
played in the game where 19.f3 had been tried for the first time.} 24. dxe5 Bf5
25. f4 {White has managed to consolidate his position and is a clear pawn up.}
Qg6 26. Qf2 f6 27. c4 $1 bxc4 28. Nxc4 Bd3 29. Bb3 $16 {Segovia Becker,M-Henao,
L/IECG email 1995/E-Mail 2000 (1-0, 37)}) 24. Qf2 ({The over-ambitious} 24. f4
{leaves the e5-bishop in an uncomfortable situation.} Qg6 25. Qe4 Bf5 26. Qg2
Bf8 27. Bb3 f6 28. Bb8 Kh8 $44 {and Black is ready to develop his initiative,
while the b8-bishop cannot return into play easily.}) 24... Bxe5 25. f4 Bxd4 $1
{This intermediate capture wins the pawn back with approximate equality.} 26.
Bxh5 Bxf2+ 27. Kxf2 Nf6 28. Bf3 Kf8 29. Re1 Rd6 $11 {Jakovenko,D (2710)
-Svidler,P (2732)/Moscow 2007/CBM 122 (1/2-1/2, 37)}) 20... Bxf3 21. Nxf3 Rxf3
{Anand may have thought that Black has problems of coordination, because of
the pin along the d1-h5 diagonal and only now realized that Black's activity
is quite threatening already.} 22. Bxd5 {Sadly, the only move that keeps White
in the game.} ({His first intention might have been} 22. Bf2 $2 {[%cal Gb3d1] ,
which indeed looks promising, but there is a tactical problem with it:} Nf4 $3
23. gxf4 Bxf4 24. Bg3 Bxg3 $40 {and White is in trouble. There are several
good answers against} 25. Bd1 {, the most forcing being} Bxh2+ $5 26. Qxh2 Qg5+
27. Kh1 Rf4 {[%cal Gf4h4]} 28. Re5 Rf1+) (22. Bd1 $2 {is also bad because of}
Bxg3 $1 $40) 22... Qxd5 $11 {(/=/+) Black is better developed and has a firm
control over the light squares. In the Marshall Attack, these factors tend to
compensate for White's extra pawn, but here material is equal!} 23. Bf2 Rf6 24.
b3 ({For long term purposes, it might have been useful to get rid of the
a-pawn with} 24. a4 $5 {, opening the a-file at the same time.}) 24... Qf5 25.
Rad1 {White has obtained a centralized position of his pieces, but the
vulnerability of his king invites him to prudence.} h5 $36 26. Rd3 h4 27. Re3 (
27. gxh4 Bxh2+ 28. Kxh2 Qxf2+ 29. Qxf2 Rxf2+ 30. Kg3 Rxa2 $15) 27... Rg6 28. c4
hxg3 29. hxg3 bxc4 30. bxc4 c5 $5 {An interesting decision. From the strategic
point of view, it looks not too desirable to leave White with a defended
passed pawn in the centre. Ivanchuk must have thought that the stability of
his bishop is a high priority (in view of the permanent threat of c4-c5
followed by Re7).} 31. Qf3 ({Personally, I would see no reasons to refrain from
} 31. d5 {, although Black would retain a pleasant position.}) 31... Qh3 (31...
Qxf3 32. Rxf3 cxd4 {is more or less drawish, but only Black can be better,
because of his better structure.}) 32. Qg2 Qd7 33. dxc5 $6 {This seems an
invitation to trouble. White will soon lose his c4-pawn and will be left
struggling.} (33. d5 $5) 33... Bxc5 34. Re4 Qc7 35. Kh2 Rh6+ 36. Kg1 Rf6 37.
Be3 Rd8 38. Kh2 Bxe3 39. R4xe3 Rh6+ 40. Kg1 Qc5 {Ivanchuk tries to find the
best way to win the pawn.} ({After} 40... Qxc4 41. Re8+ Rxe8 42. Rxe8+ Kh7 43.
Qe4+ Qxe4 44. Rxe4 Rd6 45. Ra4 {the more active placement of his rook allows
White to count on a draw.} Kg6 46. Ra5 Kf6 {The transfer of the king to the
queenside is the only chance to keep the fight on, although it is rather time
consuming.} ({Black does not get anywhere with} 46... f5 47. Kg2 Kg5 48. Kf3)
47. Kf2 Ke6 48. Kf3 Kd7 49. Kf4 Kc7 50. g4 Kb6 51. Rh5 $15 {[%cal Gh5h7]}) 41.
Qf2 Qh5 42. Qg2 Rd2 43. Re8+ Kh7 44. R8e2 Qc5+ 45. Qf2 Rxe2 46. Rxe2 (46. Qxc5
Rxe1+ $17) 46... Qxc4 47. Qf5+ g6 48. Qe4 Qc5+ 49. Kg2 Rh5 50. Rc2 Qb6 51. Rd2
{Having used the permanent blackmail of trading queens, White has obtained a
centralized position, which makes the weakness of his kingside less relevant.}
Rb5 52. a4 Rb4 53. Qe7 Qc6+ 54. Kh2 Rb7 55. Qh4+ Kg7 56. Qd4+ f6 (56... Qf6 57.
Qxf6+ Kxf6 58. Rd6+ Kf5 59. Rxa6 $11) 57. a5 g5 58. Qd5 Qb5 (58... Qxd5 59.
Rxd5 {[%cal Gd5d6]} Rb2+ {The only way to activate the rook, but it is
insufficient.} 60. Kh3 Ra2 61. Rc5 Kg6 62. g4 Ra3+ 63. Kg2 Kf7 64. Rc7+ $1 Ke8
(64... Ke6 65. Rc6+ Ke5 66. Rxa6 $11) (64... Kg6 $11) 65. Rc6 $5 (65. Rc5 Kd7
66. Rf5 Ke6 67. Rc5 $11) 65... Rxa5 66. Rxf6 Kd7 (66... Ra2+ 67. Kg3 a5 68. Rf5
$11) 67. Kg3 Kc7 68. Kf3 Kb7 {[%cal Ga5b5,Ga6a5]} 69. Rf7+ $1 $11) 1/2-1/2